| 000 | 00442nam a2200157 a 4500 | ||
|---|---|---|---|
| 005 | 20140414132123.0 | ||
| 008 | 131105s19uu xx 00 eng d | ||
| 020 | _a9781416957768 | ||
| 050 |
_aTR 158 _bCov873 2008 |
||
| 100 | _aCovey, Sean | ||
| 245 | _aSeven (7) habits of happy kids (The). | ||
| 260 |
_aNew York : _bSimon & Schuster, _cc2008. |
||
| 300 | _a93 p. : col. ill. ; 28 cm. | ||
| 650 | _aSuccess in children | ||
| 999 |
_c115150 _d115150 |
||